Представление документа в формате RUSMARC

ПолеНазваниеЗначение
  Тип записи a
  Библиографический уровень m
001 Контрольный номер RU\bookru\bibl\920617
003 Постоянный идентификатор записи http://www.book.ru/book/920617
005 Дата корректировки 20161026112538.1
010 Индекс ISBN __
a ISBN 978-5-406-05158-0
100 Данные общей обработки 0_
a Данные общей обработки 20160901d2016 mk y0rusy50 ca
101 Язык документа 0_
a Язык текста Русский
102 Страна публикации __
a Страна публикации RU
105 Кодированные данные (монография) __
a Кодированные данные (монография) y ||||000yy
200 Заглавие и сведения об ответственности 1_
a Заглавие Основы рекламы (для бакалавров)
210 Выходные данные __
a Место издания Москва
c Издательство КноРус
d Дата издания 2016
215 Физическое описание __
a Объем 401
330 Аннотация __
a Аннотация Рассматриваются сущность рекламы, ее структура и функции; анализируются типы и виды рекламы, особенности проявления рекламы в системе социокультурных отношений. Дается представление о специфике построения рекламного сообщения, об особенностях восприятия рекламы. Особое внимание уделяется проблеме управления общественными связями и технологиям паблик рилейшнз — мониторингу окружающей среды, созданию и продвижению имиджей, отношениям со СМИ, маркетинговой деятельности PR, лоббизму. Для студентов вузов, обучающихся по специальности «Реклама», преподавателей и учащихся старших классов общеобразовательных школ. Также может представлять интерес для всех, интересующихся данной проблематикой.
606 Тематические рубрики __
a Основная рубрика Маркетинг. Реклама. Паблик рилейшнз
2 Код системы local
608 Указатель предметных рубрик __
a Жанр/форма Учебное пособие
2 Код системы local
675 Индекс УДК __
a Индекс УДК 659.1(075.8)
z Язык издания rus
686 Индексы других классификаций __
a Классификационный индекс 76.006.5я73
2 Код системы rubbk
700 Автор _1
a Фамилия Костина А.В., Макаревич Э.Ф., Карпухин О.И.
801 Источник записи _1
a Страна RU
b Организация book_ru
c Дата составления 20160901
g Правила каталогизации RCR
856 Электронный адрес документа 4_
u Универсальный указатель ресурса (URL) http://www.book.ru/book/920617
951 __
a http://www.book.ru/book/920617